[Event "3rd Karpov It"]
[Site "Poikovsky RUS"]
[Date "2002.04.16"]
[Round "1"]
[White "Dreev,A"]
[Black "Obodchuk,A"]
[Result "1-0"]
[WhiteElo "2677"]
[BlackElo "2435"]
[EventDate "2002.04.16"]

1. d4 Nf6 2. c4 g6 3. Nc3 Bg7 4. e4 d6 5. f3 O-O 6. Nge2 c5 7. d5 e6 8. Ng3
exd5 9. cxd5 h5 10. Be2 Nh7 11. Be3 h4 12. Nf1 f5 13. exf5 Bxf5 14. Bf2 b5
15. a3 a6 16. Ne3 Ra7 17. O-O Raf7 18. Nxf5 gxf5 19. f4 Bh6 20. Bh5 Rg7 21.
Qf3 h3 22. g3 Nf6 23. Kh1 Nbd7 24. Rae1 Nb6 25. Qe2 Kh8 26. Bf3 Ng8 27. b4
Re7 28. Qd3 c4 29. Qc2 Bg7 30. Ne2 Nf6 31. Qxf5 Ne4 32. Qxh3+ Kg8 33. Bg4
Rf6 34. Bd4 Rh6 35. Qg2 Nxd5 36. Bxg7 Ne3 37. Bxh6 Nxg2 38. Kxg2 Nd2 39.
Rf2 Qa8+ 40. Kg1 Qa7 41. Bg5 Re3 42. Bf6 Nb3 43. f5 d5 44. Bg5 Re5 45. Bf4
Re8 46. Bh5 Rf8 47. Bd6 Rxf5 48. Nf4 Qb6 49. Re8+ Kg7 50. Ne6+ Kf6 51. Rf8+
Kxe6 52. R8xf5 Qd4 53. Bf7+ Kxd6 54. Rxd5+ Qxd5 55. Bxd5 Kxd5 56. Kf1 c3
57. Ke1 Kc4 58. Kd1 Na1 59. g4 Kb3 60. g5 1-0

[Event "3rd Karpov It"]
[Site "Poikovsky RUS"]
[Date "2002.04.17"]
[Round "2"]
[White "Vescovi,G"]
[Black "Aleksandrov,A"]
[Result "1/2-1/2"]
[WhiteElo "2611"]
[BlackElo "2654"]
[EventDate "2002.04.16"]

1. d4 Nf6 2. Nf3 d5 3. c4 e6 4. Nc3 Bb4 5. Bg5 h6 6. Bxf6 Qxf6 7. e3 O-O 8.
Rc1 dxc4 9. Bxc4 c5 10. O-O cxd4 11. exd4 Rd8 12. Qb3 Bxc3 13. bxc3 Nc6 14.
Rfd1 1/2-1/2

[Event "3rd Karpov It"]
[Site "Poikovsky RUS"]
[Date "2002.04.18"]
[Round "3"]
[White "Aleksandrov,A"]
[Black "Obodchuk,A"]
[Result "1-0"]
[WhiteElo "2654"]
[BlackElo "2435"]
[EventDate "2002.04.16"]

1. d4 Nf6 2. c4 c5 3. d5 b5 4. cxb5 a6 5. bxa6 g6 6. Nc3 Bxa6 7. g3 d6 8.
Bg2 Bg7 9. Nf3 Nbd7 10. O-O O-O 11. Qc2 Qa5 12. Bd2 Rfb8 13. Rfd1 Ne8 14.
Be1 Ra7 15. h3 Qd8 16. Rab1 Nc7 17. b3 Qf8 18. a4 e6 19. dxe6 fxe6 20. h4
d5 21. Bh3 Nf6 22. Bd2 Re8 23. Bf4 d4 24. Bxc7 Rxc7 25. Nb5 Bxb5 26. axb5
Nd5 27. Ng5 Qf6 28. Ra1 Bh6 29. Ra6 Bxg5 30. hxg5 Qe5 31. Qc4 Rf7 32. Rf1
Ne3 33. fxe3 Qxg3+ 34. Bg2 Rxf1+ 35. Kxf1 dxe3 36. Kg1 Kh8 37. Qc3+ Kg8 38.
Qc4 Kh8 39. Qc3+ Kg8 40. Qf6 Rf8 41. Qxe6+ Kh8 42. Ra1 Qf2+ 43. Kh1 Qh4+
44. Qh3 Qxg5 45. b6 Qe5 46. Ra7 1-0